000 01341nas a2200361 i 4500
001 189829
003 SpMaBN
005 20250322063249.0
008 191202d19271934sp w|yp | b||pa d
022 _a1132-3434
080 _a821.134.2-7
130 _aGutiérrez (Madrid)
_9239860
222 _aGutiérrez (Madrid)
245 0 0 _aGutiérrez semanario español de humorismo
260 _aMadrid :
_b[Gutiérrez],
_c1927-[1934]
300 _av. :
_bil. ;
_c27 y 34 cm.
310 _aSemanal
362 0 _aAño 1, n. 1 (7 mayo 1927)-
362 1 _aCesó ca. 1934.
500 _aA partir del n. 270, la altura es 35 cm
530 _aDisponible en formato digital.
590 0 _aDescripción basada en: Año 1, n. 9 (2 jul. 1927)
594 _aEn su fundación intervendrá, entre otros, el gran caricaturista K-Hito (Ricardo García López)
655 4 _9226865
_aRevistas satíricas y humorísticas
700 0 _aK-Hito.
_9142494
852 _aES-MaACL
_jHEM-2120
_9196972
_hDonación: José María Ballester Palazón
_cHEM
856 _uhttps://hemerotecadigital.bne.es/hd/issn/1132-3434
_zHemeroteca Digital
866 0 _o(1927-1930),(1932)
903 _9239859
_aBallester Palazón, José María
_ednr
942 _2udc
_cPERIODICA
999 _c189829
_d189829